000 00396 a2200133 4500
001 ART_7293
005 20260410161719.0
008 260409a
245 1 0 _aInformación por segmentos
100 1 _aViegas, Juan Carlos
700 1 _aFronti de García, Luisa
700 1 _aTonnelier, Alejandro
773 0 _tContabilidad y auditoría
_g- Año 7, Nº 13 (jun. 2001)
_wREV1723
999 _c16839
_d16839